Alexander and the astrolabe in persianate India: imagining empire in the Delhi sultanate (Record no. 514449)

000 -LEADER
fixed length control field 01919nam a22001577a 4500
008 - FIXED-LENGTH DATA ELEMENTS--GENERAL INFORMATION
fixed length control field 201102b ||||| |||| 00| 0 eng d
100 ## - MAIN ENTRY--PERSONAL NAME
Personal name Comwall, Own, T.A.
245 ## - TITLE STATEMENT
Title Alexander and the astrolabe in persianate India: imagining empire in the Delhi sultanate
260 ## - PUBLICATION, DISTRIBUTION, ETC. (IMPRINT)
Place of publication, distribution, etc The Indian Economic and Social History Review
300 ## - PHYSICAL DESCRIPTION
Extent 57(2), Apr-Jun, 2020: p.229-259
520 ## - SUMMARY, ETC.
Summary, etc This article is about the historical memory of Alexander the Great in the Delhi Sultanate and how his figure was emblematic of a trans-regional Persianate culture. Amir Khusraus largely overlooked Persian epic Äi sikandar (The Mirror of Alexander) (1302) depicts Alexander the Great as an exemplary Persian emperor who reused material cultures from around the world to produce inventions such as his eponymous mirror and the astrolabe. Through Alexander, Khusrau envisions the Persian emperor as an agent of trans-cultural patronage, reuse and repurpose. Roughly 60 years after Khusrau’s death, the poet’s theory of Alexander’s Persianate material patronage was put into practice by the Delhi Sultan Firuz Shah Tughluq (r. 1351–88), who claimed to have discovered Alexander’s astrolabe and then used the instrument to adorn the Delhi-Topra pillar, the centrepiece of his new capital Firuzabad. Citations of Khusrau’s epic in a contemporary chronicle help us see how Khusrau’s imagination of ancient Persian Empire framed a practice of organising different styles of material culture into an imperial bricolage. The article concludes with some implications of this research for defining Persianate culture in general.- Reproduced
650 ## - SUBJECT ADDED ENTRY--TOPICAL TERM
Topical term or geographic name as entry element Alexander the great; Persianate culture; Amir Khusrau; Astrolabe; Delhi sultanate; Firuz shah tughluq; Topra pillar;
9 (RLIN) 19134
773 ## - HOST ITEM ENTRY
Main entry heading The Indian Economic and Social History Review
906 ## - LOCAL DATA ELEMENT F, LDF (RLIN)
Subject DIP HISTORY - INDIA
942 ## - ADDED ENTRY ELEMENTS (KOHA)
Item type Articles

No items available.

Powered by Koha